000 01287nam a22002537a 4500
003 OSt
005 20250718121739.0
008 230405s2022 ck o gr 000 0dspa d
020 _a9786289504989
040 _aCO-JMCR
_bspa
_cCO-JMCR
_dCO-JMCR
_erda
041 0 _aspa
082 0 4 _aA-C
_bSUAs
100 1 _aSuárez Peña, Hernando,
_d1955-
_eautor
_942727
245 1 0 _aSilencio roto /
_cHernando Suárez Peña.
260 _aBogotá :
_bLibros para pensar,
_c2022
300 _a126 páginas :
_bfotografías a blanco y negro ;
_c21 cm.
500 _aIncluye datos biográficos del autor en solapa.
505 0 _tSilencio roto -- Aquí no vive -- De botines -- ¿Dónde está el mono Efraín? -- El apellido del abuelo -- Espiral de soledades -- El gordo -- Que no acabe la pandemia -- Lola -- Sobandero
520 3 _aEste libro entrega al lector diez realidades urbanas que, dada la velocidad con que se camina actualmente, no se detectan y muchas veces si se vislumbran; se pasa por encima de ellas sin detallar su relevancia. Situaciones que van desde la paradoja hasta la impunidad y que pretenden mostrar aristas del comportamiento humano.
650 1 4 _aCuentos cortos
_936
650 2 4 _aHistorias reales
_942456
650 3 4 _aVivencias
_xCuentos
_942455
942 _2ddc
_cBK
999 _c30018
_d16402